<?xml version="1.0" encoding="UTF-8"?>
<record
    xmlns:xsi="http://www.w3.org/2001/XMLSchema-instance"
    xsi:schemaLocation="http://www.loc.gov/MARC21/slim http://www.loc.gov/standards/marcxml/schema/MARC21slim.xsd"
    xmlns="http://www.loc.gov/MARC21/slim">

  <leader>00654nam a2200193Ia 4500</leader>
  <controlfield tag="003">OSt</controlfield>
  <controlfield tag="005">20250620164751.0</controlfield>
  <controlfield tag="008">210210b1987   xxu||||| |||| 00| 0 eng d</controlfield>
  <datafield tag="040" ind1=" " ind2=" ">
    <subfield code="c">AL</subfield>
  </datafield>
  <datafield tag="041" ind1=" " ind2=" ">
    <subfield code="a">Kannada</subfield>
  </datafield>
  <datafield tag="082" ind1=" " ind2=" ">
    <subfield code="a">K894.2 KESR</subfield>
  </datafield>
  <datafield tag="100" ind1=" " ind2=" ">
    <subfield code="a">KESHAVA RAV</subfield>
    <subfield code="d">&#xC95;&#xCC7;&#xCB6;&#xCB5; &#xCB0;&#xCBE;&#xCB5;&#xCCD; </subfield>
    <subfield code="9">215732</subfield>
  </datafield>
  <datafield tag="245" ind1=" " ind2=" ">
    <subfield code="a">Resurrection ! Resurrection !! athava Euripidesana kai gombegalu</subfield>
    <subfield code="b"> &#xCB0;&#xCBF;&#xCB8;&#xCB0;&#xCC6;&#xC95;&#xCCD;&#xCB7;&#xCA8;&#xCCD; ! &#xCB0;&#xCBF;&#xCB8;&#xCB0;&#xCC6;&#xC95;&#xCCD;&#xCB7;&#xCA8;&#xCCD; !! &#xC86;&#xCA5;&#xCB5;&#xCBE; &#xCAF;&#xCC2;&#xCB0;&#xCBF;&#xCAA;&#xCBF;&#xCA1;&#xCC0;&#xCB8;&#xCA8; &#xC95;&#xCC8; &#xC97;&#xCCA;&#xC82;&#xCAC;&#xCC6;&#xC97;&#xCB3;&#xCC1;</subfield>
  </datafield>
  <datafield tag="260" ind1=" " ind2=" ">
    <subfield code="a">Mangaluru</subfield>
    <subfield code="b">-</subfield>
    <subfield code="c">1987</subfield>
  </datafield>
  <datafield tag="300" ind1=" " ind2=" ">
    <subfield code="a">75,x</subfield>
  </datafield>
  <datafield tag="690" ind1=" " ind2=" ">
    <subfield code="a">Kannada Drama</subfield>
    <subfield code="9">215733</subfield>
  </datafield>
  <datafield tag="906" ind1=" " ind2=" ">
    <subfield code="a">042285</subfield>
  </datafield>
  <datafield tag="942" ind1=" " ind2=" ">
    <subfield code="2">ddc</subfield>
    <subfield code="c">BK</subfield>
  </datafield>
  <datafield tag="999" ind1=" " ind2=" ">
    <subfield code="c">92104</subfield>
    <subfield code="d">92104</subfield>
  </datafield>
  <datafield tag="952" ind1=" " ind2=" ">
    <subfield code="0">0</subfield>
    <subfield code="1">0</subfield>
    <subfield code="2">ddc</subfield>
    <subfield code="4">0</subfield>
    <subfield code="7">0</subfield>
    <subfield code="8">KAN</subfield>
    <subfield code="a">AL</subfield>
    <subfield code="b">AL</subfield>
    <subfield code="c">Kannada Literature</subfield>
    <subfield code="d">2021-02-17</subfield>
    <subfield code="g">0.00</subfield>
    <subfield code="l">0</subfield>
    <subfield code="o">K894.2 KESR</subfield>
    <subfield code="p">042285</subfield>
    <subfield code="r">2021-02-17 00:00:00</subfield>
    <subfield code="w">2021-02-17</subfield>
    <subfield code="y">BK</subfield>
  </datafield>
</record>
